The noble scholar, jurist, historian


 His Excellency Dr. Abdul Wahhab bin Ibrahim Abu Sulaiman, may Allah have mercy on him.


 He was born in Umm Al-Qura in the year 1356 AH.

السمط المجيد في شأن البيعة والذكر وتلقينة وسلاسل أهل التوحيد / (Record no. 14028)

MARC details
000 -LEADER
fixed length control field 01205cam a2200253 i 4500
003 - CONTROL NUMBER IDENTIFIER
control field SA-RiAUC
005 - DATE AND TIME OF LATEST TRANSACTION
control field 20260113133046.0
008 - FIXED-LENGTH DATA ELEMENTS--GENERAL INFORMATION
fixed length control field 260105s1909 pk g 000r0 ara c
040 ## - CATALOGING SOURCE
Original cataloging agency SA-RiAUC
Language of cataloging ara
Transcribing agency SA-RiAUC
Description conventions rda
082 04 - DEWEY DECIMAL CLASSIFICATION NUMBER
Classification number 262
Assigning agency SA-RiAUC
090 ## - LOCALLY ASSIGNED LC-TYPE CALL NUMBER (OCLC); LOCAL CALL NUMBER (RLIN)
Classification number (OCLC) (R) ; Classification number, CALL (RLIN) (NR) م ن 262
Local cutter number (OCLC) ; Book number/undivided call number, CALL (RLIN) د ج ا
100 1# - MAIN ENTRY--PERSONAL NAME
Personal name الدجاني القشاشي، أحمد بن محمد بن يونس،
Dates associated with a name توفي 1071 هجري
Relator term مؤلف.
245 12 - TITLE STATEMENT
Title السمط المجيد في شأن البيعة والذكر وتلقينة وسلاسل أهل التوحيد /
Statement of responsibility, etc. تأليف صفي الدين أحمد بن محمد بن عبد النبي الأنصاري المدني الدجاني الشهير بالقشاش.
250 ## - EDITION STATEMENT
Edition statement الطبعة الأولى.
264 #1 - PRODUCTION, PUBLICATION, DISTRIBUTION, MANUFACTURE, AND COPYRIGHT NOTICE
Place of production, publication, distribution, manufacture حيدرآباد، باكستان :
Name of producer, publisher, distributor, manufacturer مجلس دائرة المعارف العثمانية،
Date of production, publication, distribution, manufacture, or copyright notice [1909]
300 ## - PHYSICAL DESCRIPTION
Extent 165 صفحة ؛
Dimensions 29 سم
336 ## - CONTENT TYPE
Content type term نص
Content type code txt
Source rdacontent
Materials specified كتاب
337 ## - MEDIA TYPE
Media type term بدون وسيط
Media type code n
Source rdamedia
338 ## - CARRIER TYPE
Carrier type term مجلد
Carrier type code nc
Source rdacarrier
650 #7 - SUBJECT ADDED ENTRY--TOPICAL TERM
Topical term or geographic name entry element الأدعية والأوراد
Source of heading or term aucsh
650 #7 - SUBJECT ADDED ENTRY--TOPICAL TERM
Topical term or geographic name entry element التصوف الإسلامي
Source of heading or term aucsh
942 ## - ADDED ENTRY ELEMENTS (KOHA)
Source of classification or shelving scheme Dewey Decimal Classification
Koha item type كتاب مصور نادر
Suppress in OPAC No
949 ## - LOCAL PROCESSING INFORMATION (OCLC)
a SA-JeALM
d 260105
u mohamedma123
n 1
Holdings
Withdrawn status Lost status Source of classification or shelving scheme Damaged status Not for loan Home library Current library Date acquired Total checkouts Full call number Barcode Date last seen Price effective from Koha item type
    Dewey Decimal Classification     DR AbdElwahab Library DR AbdElwahab Library 01/13/2026   م ن 262 د ج ا 000022446 01/13/2026 01/13/2026 كتاب مصور نادر
    Dewey Decimal Classification     DR AbdElwahab Library DR AbdElwahab Library 03/07/2026   م ن 262 د ج ا 000022984 03/07/2026 03/07/2026 كتاب مصور نادر